000 00296nam a22001337a 4500
008 170525b xxu||||| |||| 00| 0 eng d
020 _a3540136509
041 _aeng
080 _a621.3
100 _a26
101 _aIM
245 _aCONTROL OF ELECTRICAL DRIVES
_cLEONHARD,W
942 _2udc
_cBK
999 _c14243
_d14243